00625nam a2200205Ia 4500001000700000003000500007008004100012010001100053040000900064082001400073100007900087245002700166260004500193300001100238440000500249500000500254503000500259650011100264650004400375Z_4828CHAP220113s1988 xx 000 0 und d a167881 cCHAP a636.08 R4 aReunión de Investigación Pecuaria en México (1988 : México, D. F.) aMemoria /cSARH. UNAM aMéxico, D. F. :bLa Secretaria,c1988 a136 p. a a a aGanaderíaxCongresos I. México. Secretaría de Agricultura y Recursos Hidráulicos II. UNAM. III. t. aGanaderíaxInvestigaciónxMéxico